| 000 -LEADER |
| fixed length control field |
01039 a2200253 4500 |
| 020 ## - INTERNATIONAL STANDARD BOOK NUMBER |
| International Standard Book Number |
0387225757 |
| 040 ## - CATALOGING SOURCE |
| Original cataloging agency |
DLC |
| Language of cataloging |
DLC |
| 082 00 - DEWEY DECIMAL CLASSIFICATION NUMBER |
| Classification number |
621.382/1 |
| 100 1# - MAIN ENTRY--PERSONAL NAME |
| Personal name |
Bahai, Ahmad R. S. |
| 245 10 - TITLE STATEMENT |
| Title |
Multi-carrier digital communications: theory and applications of OFDM |
| Remainder of title |
theory and applications of OFDM |
| Statement of responsibility, etc. |
Ahmad R.S. Bahai, Burton R. Saltzberg, Mustafa Ergen |
| 250 ## - EDITION STATEMENT |
| Edition statement |
2nd ed. |
| 260 ## - PUBLICATION, DISTRIBUTION, ETC. |
| Place of publication, distribution, etc. |
New York : |
| Name of publisher, distributor, etc. |
Springer, |
| Date of publication, distribution, etc. |
2004. |
| 300 ## - PHYSICAL DESCRIPTION |
| Extent |
xix, 411 p. : |
| Other physical details |
ill. ; |
| Dimensions |
24 cm. |
| 440 #0 - SERIES STATEMENT/ADDED ENTRY--TITLE |
| Title |
Information technology--transmission, processing, and storage |
| 650 #0 - SUBJECT ADDED ENTRY--TOPICAL TERM |
| Topical term or geographic name entry element |
Digital communications. |
| 650 #0 - SUBJECT ADDED ENTRY--TOPICAL TERM |
| Topical term or geographic name entry element |
Orthogonal frequency division multiplexing. |
| 650 #0 - SUBJECT ADDED ENTRY--TOPICAL TERM |
| Topical term or geographic name entry element |
Spread spectrum communications. |
| 650 #0 - SUBJECT ADDED ENTRY--TOPICAL TERM |
| Topical term or geographic name entry element |
Orthogonalization methods. |
| 700 1# - ADDED ENTRY--PERSONAL NAME |
| Personal name |
Saltzberg, Burton R. |
| 700 1# - ADDED ENTRY--PERSONAL NAME |
| Personal name |
Ergen, Mustafa. |
| 856 42 - ELECTRONIC LOCATION AND ACCESS |
| Materials specified |
Publisher description |
| Uniform Resource Identifier |
<a href="http://www.loc.gov/catdir/enhancements/fy0819/2004052575-d.html">http://www.loc.gov/catdir/enhancements/fy0819/2004052575-d.html</a> |
| 856 42 - ELECTRONIC LOCATION AND ACCESS |
| Materials specified |
Table of contents only |
| Uniform Resource Identifier |
<a href="http://www.loc.gov/catdir/enhancements/fy0819/2004052575-t.html">http://www.loc.gov/catdir/enhancements/fy0819/2004052575-t.html</a> |
| 942 ## - ADDED ENTRY ELEMENTS (KOHA) |
| Koha item type |
Book |
| Call number prefix |
621.3821 BAH |
| Source of classification or shelving scheme |
|